| 000 | 00716cab a2200229 4500 | ||
|---|---|---|---|
| 001 | WB3432-26 | ||
| 008 | 090401t1998 xxu||||| |||| 00| 0 eng d | ||
| 035 | _a(Sirsi) u88053 | ||
| 041 | _aeng | ||
| 245 | _aInsure against gazumpers | ||
| 260 | _c1998 | ||
| 350 | _a0 | ||
| 490 |
_aObserver _v16 August 1998, 4.2(1) |
||
| 520 | _aLambeth building society has launched a scheme that allows homebuyers to insure against the financial cost of gazumping. Legal & General plans to launch a similar scheme in 1999. | ||
| 650 | _aGAZUMPING | ||
| 650 | _aHOME BUYERS COSTS INSURANCE | ||
| 650 | _aHOUSE BUYERS | ||
| 650 | _aINSURANCE POLICIES | ||
| 690 |
_aInsurance _96249 |
||
| 942 | _n0 | ||
| 948 | _c19/08/1998 | ||
| 999 |
_c55605 _d55605 |
||